000 00415nam a2200145 i 4500
001 33888
003 ES-MaACL
007 t|
008 030203s1943 sp ||||1| spa d
100 1 _aBlas, Luis.
_929345
245 1 0 _aQuímica de los perfumes sintéticos /
_cpor Luis Blas.
260 _aMadrid :
_bM. Aguilar,
_c1943 (
_fBolaños y Aguilar)
300 _a262 p. ;
_c18 cm.
852 _aES-MaACL
_jE-2276
_bR.23908
999 _c33888
_d33888